000 00564nam a22001937a 4500
003 BD-DhUL
005 20170514150411.0
008 170514b2002 b p|||| |||| 00| 0 eng d
020 _a9848090096
040 _aBD-DhUL
_cBD-DhUL
082 _a600
_bAZT
100 1 _aAzim, M. Anwarul
245 1 0 _aTechnology management and development of nations /
_cM. Anwarul Azim
250 _a1st ed.
260 _aDhaka :
_bUniversity Grants Commission of Bangladesh,
_c2002.
300 _a[18], 222 p. :
_bill. ;
_c22 cm.
650 4 _aTechnology
942 _2ddc
_cBK
999 _c195758
_d195758